Физическое металловедение прецизионных сплавов. Сплавы с особыми магнитными свойствами: учебник

Detalles Bibliográficos
Autor principal: Кекало И. Б. Игорь Борисович
Otros Autores: Самарин Б. А. Борис Антонович
Lenguaje:ruso
Publicado: Москва, Металлургия, 1989
Materias:
Formato: Libro
KOHA link:https://koha.lib.tpu.ru/cgi-bin/koha/opac-detail.pl?biblionumber=117043

MARC

LEADER 00000nam0a2200000 4500
001 117043
005 20231031123522.0
010 |a 5229002301 
020 |a RU  |b 89-69660 
035 |a (RuTPU)RU\TPU\book\126661 
090 |a 117043 
100 |a 20070530d1989 m a0rusy5003 ca 
101 0 |a rus 
102 |a RU 
105 |a a j 001zy 
200 1 |a Физическое металловедение прецизионных сплавов. Сплавы с особыми магнитными свойствами  |e учебник  |f И. Б. Кекало, Б. А. Самарин 
210 |a Москва  |c Металлургия  |d 1989 
215 |a 495 с.  |c ил. 
320 |a Библиогр.: с. 493 
320 |a Предм. указ.: с. 493-496 
610 1 |a металловедение 
610 1 |a сплавы 
610 1 |a материалы 
610 1 |a учебники 
675 |a 669.018.58(075.8)  |v 3 
700 1 |a Кекало  |b И. Б.  |g Игорь Борисович 
701 1 |a Самарин  |b Б. А.  |g Борис Антонович 
801 0 |a RU  |b RuMRKP  |c 19950417  |g psbo 
801 1 |a RU  |b 63413507  |c 20070530  |g PSBO 
801 2 |a RU  |b 63413507  |c 20190204  |g PSBO 
942 |c BK